000 00383nam a2200133Ia 4500
008 191206s9999 xx 000 0 und d
020 _a088806277X :
090 _aHV713667
245 0 _aToolkits and building blocks: constructing a new Canada
260 _aC.D. Howe Institute
260 _cc[1991]
300 _a207 p. ; 26 cm.
999 _c17200
_d17200